000 00716nam a2200289Ia 4500
005 20260324142614.0
008 008 260324s9999 xx 000 0 eng d
020 _a9780429468209
037 _aEBOOK
040 _aCRL
040 _beng
040 _cCRL
041 _2eng
041 _aeng
084 _qCRL
100 _aEwa Zarkowska; John Clements
_91212570
245 0 _aProblem Behaviour and People with Severe Learning Disabilities
245 4 _bThe S.T.A.R Approach
260 _bTaylor and Francis
260 _c1994
365 _a
365 _b220
856 _uhttp://www.taylorfrancis.com/books/9780429468209
942 _cEBOOK
999 _c1816945
_d1816945